000 00717nam a2200289Ia 4500
005 20260324133947.0
008 008 260324s9999 xx 000 0 eng d
020 _a9781315809359
037 _aEBOOK
040 _aCRL
040 _beng
040 _cCRL
041 _2eng
041 _aeng
084 _qCRL
100 _aJessica K Heriot; Eileen J Polinger
_91195036
245 4 _aThe Use of Personal Narratives in the Helping Professions
245 2 _bA Teaching Casebook
260 _bTaylor and Francis
260 _c2002
365 _a
365 _b195
856 _uhttp://www.taylorfrancis.com/books/9781315809359
942 _cEBOOK
999 _c1794628
_d1794628